| 000 | 00802nam a22002537a 4500 | ||
|---|---|---|---|
| 005 | 20170124105910.0 | ||
| 010 | _aB-223930 | ||
| 020 |
_a9788178222165 _c225.00 |
||
| 035 | _aB-223930 | ||
| 037 | _bCen Lib/Ret | ||
| 040 |
_adpl _bEN |
||
| 082 | _a615.53 | ||
| 100 |
_aKrishan, Shubhra _99229 |
||
| 245 |
_aEssential ayurveda : _cby Shubhra Krishan _bwhat it is and what it can do for you / |
||
| 260 |
_aNew Delhi _bNew Age Books _c2003 |
||
| 270 |
_aA-45,Naraina Phase-I _bNew Delhi _e110028 |
||
| 300 |
_axi,267p. _c20cm(pbk) |
||
| 500 | _aIncludes index | ||
| 650 |
_aTraditional Medicines _92178 |
||
| 650 |
_aAyurveda _92179 |
||
| 650 |
_a पारंपरिक दवाओं _91291 |
||
| 650 |
_aआयुर्वेद _99230 |
||
| 942 |
_2ddc _cEN _h615.53 _mKRI |
||
| 999 |
_c122476 _d122476 |
||